[Event "MCR mladeze 2014, H12"]
[Site "Kouty nad Desnou"]
[Date "2014.03.11"]
[Round "5"]
[White "Havelka, Frantisek"]
[Black "Dolansky, Lukas"]
[Result "0-1"]
[WhiteElo "1476"]
[BlackElo "1590"]
[PlyCount "62"]
[EventDate "2014.??.??"]

1. d4 d5 2. e3 Nf6 3. Bd3 e6 4. c3 Nbd7 5. f4 Bd6 6. Nf3 Ne4 7. O-O f5 8. Ne5
O-O 9. Rf3 Ndf6 10. Rh3 Bxe5 11. fxe5 Ng4 12. Nd2 Nef2 13. Qe2 Nxh3+ 14. gxh3
Nh6 15. Qg2 Kh8 16. Nf3 Nf7 17. Bd2 Bd7 18. Kh1 Qe7 19. Rg1 Rg8 20. Be1 g5 21.
Qe2 Rg7 22. Nd2 Rag8 23. Qh5 Be8 24. Qe2 Nh6 25. Qf1 g4 26. Bg3 gxh3 27. Qxh3
Ng4 28. Bh4 Qf7 29. Rg2 Qh5 30. Be2 Nf2+ 31. Bxf2 Qxh3 0-1

[Event "MCR mladeze 2014, H12"]
[Site "Kouty nad Desnou"]
[Date "2014.03.11"]
[Round "5"]
[White "Fojt, Petr"]
[Black "Vraj, Ondrej"]
[Result "0-1"]
[WhiteElo "1373"]
[BlackElo "1509"]
[PlyCount "80"]
[EventDate "2014.??.??"]

1. d4 d5 2. c4 e6 3. Nf3 Nf6 4. Nc3 Be7 5. Bg5 Nbd7 6. e3 O-O 7. Bd3 c6 8. O-O
b6 9. Rc1 Bb7 10. Qc2 h6 11. Bf4 Rc8 12. Rfd1 c5 13. e4 cxd4 14. e5 dxc3 15.
exf6 Bxf6 16. bxc3 e5 17. Bh7+ Kh8 18. Bg3 e4 19. cxd5 exf3 20. Be4 Rxc3 21.
Qd2 Rxc1 22. Rxc1 Bg5 23. Bf4 Bxf4 24. Qxf4 Nf6 25. Bxf3 Bxd5 26. Rd1 Qa8 27.
Bg4 Bxg2 28. f3 Nxg4 29. fxg4 Bd5 30. Rd3 Bxa2 31. Rh3 Qc6 32. g5 Qc5+ 33. Kf1
Rd8 34. Rxh6+ Kg8 35. Qg3 Rd1+ 36. Ke2 Qc2+ 37. Ke3 Rd3+ 38. Ke4 Qc4+ 39. Kf5
Rd5+ 40. Qe5 Bb1# 0-1

[Event "MCR mladeze 2014, H12"]
[Site "Kouty nad Desnou"]
[Date "2014.03.11"]
[Round "5"]
[White "Demko, Robert"]
[Black "Polansky, Adam Lubos"]
[Result "1/2-1/2"]
[WhiteElo "1576"]
[BlackElo "1542"]
[PlyCount "124"]
[EventDate "2014.??.??"]

1. d4 Nf6 2. c4 e6 3. Nc3 Bb4 4. Nf3 O-O 5. Bg5 c5 6. e3 d6 7. Be2 Nbd7 8. O-O
b6 9. Rb1 Bb7 10. Nb5 Qb8 11. a3 a6 12. axb4 axb5 13. bxc5 bxc4 14. cxd6 b5 15.
Bf4 Ne4 16. Ne5 Qc8 17. Nxd7 Qxd7 18. Bf3 Nxd6 19. Bxd6 Bxf3 20. Qxf3 Qxd6 21.
Ra1 Qd5 22. Qxd5 exd5 23. g3 b4 24. Rfc1 g6 25. Kg2 Kg7 26. Kf3 f5 27. Kf4 Kf6
28. h4 h6 29. Rh1 Rfe8 30. Rhg1 c3 31. Rxa8 Rxa8 32. bxc3 bxc3 33. Rc1 Ra2 34.
Kf3 c2 35. Kf4 g5+ 36. hxg5+ hxg5+ 37. Kf3 Kg6 38. g4 Rb2 39. Kg3 Kf6 40. f3
Ke6 41. Kh3 Rb3 42. Rxc2 Rxe3 43. Kg3 f4+ 44. Kf2 Rd3 45. Rc6+ Kf7 46. Rd6 Rxd4
47. Ke2 Kg7 48. Rd7+ Kf6 49. Rd6+ Kf7 50. Rd8 Ke7 51. Rg8 Kf6 52. Rd8 Kf7 53.
Rd6 Kg7 54. Rd8 Kf7 55. Rd6 Ra4 56. Rxd5 Ra2+ 57. Kd3 Ra3+ 58. Ke4 Re3+ 59. Kf5
Rxf3 60. Kxg5 Rf1 61. Rf5+ Kg7 62. Rxf4 Rxf4 1/2-1/2

[Event "MCR mladeze 2014, H12"]
[Site "Kouty nad Desnou"]
[Date "2014.03.11"]
[Round "5"]
[White "Ocko, Dominik"]
[Black "Ludvik, Tomas"]
[Result "0-1"]
[WhiteElo "1490"]
[BlackElo "1548"]
[PlyCount "84"]
[EventDate "2014.??.??"]

1. e4 e6 2. d4 d5 3. Nc3 Bb4 4. exd5 exd5 5. Bd3 Ne7 6. Nge2 Nbc6 7. a3 Bxc3+
8. bxc3 Bf5 9. Ng3 Bxd3 10. cxd3 O-O 11. O-O Ng6 12. Qf3 Qd7 13. Rb1 b6 14. Be3
Rfe8 15. Rfe1 Rad8 16. h3 Na5 17. Rb4 c5 18. dxc5 bxc5 19. Rbb1 Ne5 20. Qd1 c4
21. dxc4 Naxc4 22. Qb3 Nxe3 23. Rxe3 Nc4 24. Rxe8+ Qxe8 25. Qb4 g6 26. a4 a5
27. Qb5 Qe5 28. Rd1 h5 29. Nf1 Kg7 30. Qc5 Qxc3 31. Rxd5 Rxd5 32. Qxd5 Nb2 33.
Qd2 Nxa4 34. Qa2 Nc5 35. Ne3 a4 36. Nd5 Qd4 37. Nb6 Qd1+ 38. Kh2 Qd6+ 39. g3
Qxb6 40. Qa1+ Kg8 41. Qe5 Nd3 42. Qe8+ Kg7 0-1

[Event "MCR mladeze 2014, H12"]
[Site "Kouty nad Desnou"]
[Date "2014.03.11"]
[Round "5"]
[White "Riha, Vojtech"]
[Black "Nemec, David"]
[Result "0-1"]
[WhiteElo "1526"]
[BlackElo "1570"]
[PlyCount "94"]
[EventDate "2014.??.??"]

1. d4 d5 2. c4 c6 3. Nc3 Nf6 4. Bg5 Nbd7 5. Nf3 e6 6. e3 Be7 7. Bd3 dxc4 8.
Bxc4 b5 9. Bd3 a6 10. O-O c5 11. Rc1 Bb7 12. Bb1 c4 13. Qe2 O-O 14. e4 h6 15.
Bh4 Re8 16. Qc2 Nf8 17. Rfe1 Qc7 18. Bxf6 Bxf6 19. e5 Be7 20. Ne4 Bd5 21. Re3
Rac8 22. Rce1 b4 23. Nfd2 Qa7 24. Nf3 a5 25. Ned2 Rc7 26. Rc1 Rec8 27. Qd1 Qb6
28. Be4 Bxe4 29. Nxe4 Ng6 30. g3 Rd8 31. Qe2 Qc6 32. Kf1 Rdc8 33. Qe1 Qa4 34.
Qe2 Kh7 35. Kg1 Qxa2 36. Qd2 Qa4 37. Kg2 b3 38. Nc3 Qb4 39. Ra1 Qb6 40. Qe2 Bb4
41. Na4 Qb7 42. Kg1 c3 43. Nxc3 Bxc3 44. Rxc3 Rxc3 45. bxc3 Rxc3 46. Rxa5 b2
47. Rb5 b1=Q+ 0-1

[Event "MCR mladeze 2014, H12"]
[Site "Kouty nad Desnou"]
[Date "2014.03.11"]
[Round "5"]
[White "Broz, Petr"]
[Black "Kopec, Ladislav"]
[Result "0-1"]
[WhiteElo "1491"]
[BlackElo "1456"]
[PlyCount "136"]
[EventDate "2014.??.??"]

1. e4 c5 2. Nf3 d6 3. d4 cxd4 4. Nxd4 Nf6 5. Nc3 a6 6. Be2 e6 7. O-O Be7 8. a4
b6 9. Bf3 d5 10. exd5 exd5 11. Bf4 O-O 12. Bxb8 Rxb8 13. Nc6 Qc7 14. Nxd5 Nxd5
15. Bxd5 Bb7 16. Nxb8 Rd8 17. Bxb7 Rxd1 18. Raxd1 Qxb7 19. Rd7 Qxb8 20. Rxe7 g6
21. Rfe1 Qf4 22. R7e4 Qd2 23. R4e2 Qb4 24. b3 Qc5 25. Kf1 Qc7 26. Kg1 Qc5 27.
h3 Qc7 28. f4 Qxf4 29. Rf2 Qc7 30. Ref1 Qc5 31. Kh2 Qe5+ 32. Kh1 f5 33. g4 Qe4+
34. Rg2 f4 35. g5 Qe3 36. Kh2 f3 37. Rgf2 Qxg5 38. Rxf3 Qe5+ 39. Kg2 Qe2+ 40.
R1f2 Qe4 41. Kg3 Qe5+ 42. Rf4 Qe3+ 43. Kg4 Qe6+ 44. Kg3 Qe5 45. Kg2 Qd5+ 46.
R4f3 g5 47. Kg3 Qe5+ 48. Kg4 Qe4+ 49. Kxg5 Qg6+ 50. Kf4 Qf6+ 51. Ke4 Qe6+ 52.
Kd4 Qd6+ 53. Kc3 Qe5+ 54. Kd2 Qd4+ 55. Rd3 Qxf2+ 56. Kc3 Qc5+ 57. Kb2 Qe5+ 58.
Ka2 b5 59. axb5 axb5 60. Rd8+ Kg7 61. Rd7+ Kg6 62. Rd3 b4 63. Kb1 Qe1+ 64. Kb2
Qf2 65. Kb1 Kf5 66. Rd8 Qf1+ 67. Kb2 Qxh3 68. Rd3 Qxd3 0-1

[Event "MCR mladeze 2014, H12"]
[Site "Kouty nad Desnou"]
[Date "2014.03.11"]
[Round "5"]
[White "Zak, Daniel"]
[Black "Klubal, Jiri"]
[Result "0-1"]
[WhiteElo "1403"]
[BlackElo "1561"]
[PlyCount "62"]
[EventDate "2014.??.??"]

1. e4 e5 2. Nf3 Nc6 3. Bc4 Bc5 4. c3 Nf6 5. d4 exd4 6. e5 d5 7. exd6 Qxd6 8.
cxd4 Nxd4 9. Nxd4 Qxd4 10. Qe2+ Qe4 11. Nc3 Qxe2+ 12. Bxe2 Be6 13. Bf4 O-O-O
14. O-O Rhe8 15. Bf3 Nd5 16. Nxd5 Bxd5 17. Bg4+ Be6 18. Bf3 Rd7 19. Rac1 Bb6
20. a3 Rde7 21. Rfd1 Bb3 22. Rf1 Bd4 23. h3 Bf6 24. Bg4+ Kb8 25. Bf3 h6 26. Rc5
b6 27. Rcc1 Bxb2 28. Rb1 Bc4 29. Rfd1 Bxa3 30. Ra1 Bb4 31. Kh2 Be2 0-1

[Event "MCR mladeze 2014, H12"]
[Site "Kouty nad Desnou"]
[Date "2014.03.12"]
[Round "6"]
[White "Petr, Jakub"]
[Black "Svanda, Ondrej"]
[Result "1/2-1/2"]
[WhiteElo "1605"]
[BlackElo "1756"]
[PlyCount "46"]
[EventDate "2014.??.??"]

1. e4 c5 2. b3 g6 3. Bb2 Nf6 4. Bxf6 exf6 5. Nc3 Bg7 6. Nf3 O-O 7. Bc4 d6 8.
O-O f5 9. Bd5 fxe4 10. Nxe4 Nc6 11. Bxc6 bxc6 12. Rc1 Bf5 13. Ng3 Be6 14. c4 a5
15. d4 cxd4 16. Nxd4 Qd7 17. Ne4 Rfe8 18. Nxe6 Qxe6 19. Nxd6 Red8 20. c5 Bf8
21. Qf3 Bxd6 22. cxd6 Rxd6 23. Rfe1 Qd7 1/2-1/2

[Event "MCR mladeze 2014, H12"]
[Site "Kouty nad Desnou"]
[Date "2014.03.12"]
[Round "6"]
[White "Sykora, Marek"]
[Black "Skalsky, Alexandr"]
[Result "1-0"]
[WhiteElo "1674"]
[BlackElo "1746"]
[PlyCount "107"]
[EventDate "2014.??.??"]

1. e4 c5 2. c3 d6 3. d4 Nf6 4. Bd3 g6 5. Nf3 Bg7 6. O-O O-O 7. h3 Qc7 8. Be3 c4
9. Bc2 a6 10. Nbd2 b5 11. a4 Bd7 12. Qe2 e6 13. Rfd1 d5 14. e5 Ne8 15. Ng5 bxa4
16. Qg4 f5 17. Qh4 h6 18. Ngf3 Kf7 19. g4 Rh8 20. gxf5 exf5 21. Re1 Be6 22. Qg3
Rg8 23. h4 Bf8 24. Kf1 Ke7 25. Bxa4 Nc6 26. b3 Na5 27. b4 Nb7 28. Reb1 Bd7 29.
Bxd7 Qxd7 30. Re1 Qe6 31. b5 Nc7 32. bxa6 Rxa6 33. Rxa6 Nxa6 34. Rb1 Nd8 35.
Ke2 Ke8 36. Qg1 Qc6 37. Qd1 Ne6 38. Nf1 g5 39. hxg5 hxg5 40. Qc2 g4 41. Ne1 Ng7
42. Ng3 Qd7 43. Ng2 Nc7 44. Rb8+ Kf7 45. Rb7 Qc8 46. Qb1 Be7 47. Qb6 Nce6 48.
Qa7 Qe8 49. Bc1 Kg6 50. Rxe7 Qb5 51. Nh4+ Kh7 52. Rb7 Qe8 53. Nhxf5 Qg6 54. Rf7
1-0

[Event "MCR mladeze 2014, H12"]
[Site "Kouty nad Desnou"]
[Date "2014.03.12"]
[Round "6"]
[White "Vraj, Ondrej"]
[Black "Mladek, Richard"]
[Result "1/2-1/2"]
[WhiteElo "1509"]
[BlackElo "1685"]
[PlyCount "155"]
[EventDate "2014.??.??"]

1. e4 c5 2. Nf3 d6 3. d4 cxd4 4. Nxd4 Nf6 5. Nc3 g6 6. f3 Bg7 7. Be3 O-O 8. Qd2
Nc6 9. O-O-O Nxd4 10. Bxd4 Be6 11. g4 Qa5 12. Kb1 Rfc8 13. a3 Rab8 14. Nb5 Qxd2
15. Rxd2 a6 16. Nc3 Bc4 17. Bxc4 Rxc4 18. Rhd1 Rbc8 19. Bxf6 Bxf6 20. Nd5 Bh4
21. Nb6 Bg5 22. Nxc4 Rxc4 23. Rd4 Rc7 24. R1d3 Bf6 25. Ra4 Be5 26. h3 Kg7 27.
b3 Kf6 28. Rc4 Rxc4 29. bxc4 b6 30. Ka2 Bg3 31. Rd5 e6 32. g5+ Ke7 33. Rd1 Bf4
34. h4 Kd7 35. Kb3 Kc6 36. Kb4 Bg3 37. Rh1 Bf4 38. a4 a5+ 39. Kb3 Kc5 40. c3
Kc6 41. h5 Bxg5 42. hxg6 hxg6 43. Rh7 f5 44. Rg7 fxe4 45. fxe4 Be3 46. Rxg6 e5
47. Kc2 Bc5 48. Kd3 Bf2 49. Rg2 Bc5 50. Rb2 Ba3 51. Rb5 Bc5 52. Ke2 Bg1 53. Kf3
Bc5 54. Kg4 Be3 55. Rd5 Bc1 56. Kf5 Ba3 57. Ke6 Bc5 58. Ke7 Ba3 59. Kd8 Bb2 60.
Rd3 Kc5 61. Kc7 Kxc4 62. Rf3 Bxc3 63. Kxd6 Bd4 64. Rf5 b5 65. axb5 Kxb5 66. Rf7
a4 67. Rb7+ Kc4 68. Rb8 a3 69. Rc8+ Kb3 70. Rb8+ Ka2 71. Ra8 Bb2 72. Kd5 Kb3
73. Rb8+ Ka2 74. Ra8 Bd4 75. Kc4 Ba1 76. Kb4 Bb2 77. Ra5 Kb1 78. Kb3 1/2-1/2

[Event "MCR mladeze 2014, H12"]
[Site "Kouty nad Desnou"]
[Date "2014.03.12"]
[Round "6"]
[White "Dolansky, Lukas"]
[Black "Vorisek, Jakub"]
[Result "0-1"]
[WhiteElo "1590"]
[BlackElo "1619"]
[PlyCount "72"]
[EventDate "2014.??.??"]

1. e4 e5 2. Nc3 Nf6 3. Nf3 Nc6 4. Bb5 Bb4 5. O-O O-O 6. d3 d6 7. Bg5 Bxc3 8.
bxc3 Qe7 9. Re1 Nd8 10. d4 Bg4 11. h3 Bh5 12. Bc1 c6 13. Bd3 Re8 14. Ba3 Qc7
15. Qd2 Bxf3 16. gxf3 Ne6 17. dxe5 dxe5 18. Kh2 Nf4 19. Rg1 Qd7 20. Rg3 Rad8
21. Rag1 Kh8 22. Qe3 N6h5 23. Rg4 Nxd3 24. cxd3 Qxd3 25. Qg5 g6 26. Be7 Rd7 27.
Qxh5 Rdxe7 28. Qh6 Rg8 29. R4g3 Qe2 30. R1g2 Qxa2 31. h4 a5 32. h5 Re6 33. f4
Qd2 34. hxg6 Rexg6 35. Qh3 Qxf4 36. Kh1 Qh6 0-1

[Event "MCR mladeze 2014, H12"]
[Site "Kouty nad Desnou"]
[Date "2014.03.12"]
[Round "6"]
[White "Polansky, Adam Lubos"]
[Black "Haase, Pavel"]
[Result "0-1"]
[WhiteElo "1542"]
[BlackElo "1700"]
[PlyCount "98"]
[EventDate "2014.??.??"]

1. d4 Nf6 2. c4 g6 3. Nc3 d5 4. Nf3 Bg7 5. Qb3 dxc4 6. Qxc4 O-O 7. e4 c6 8. Bf4
b5 9. Qd3 Be6 10. Qd2 b4 11. Na4 Nxe4 12. Qxb4 Bd5 13. Bc4 Nd7 14. O-O Nb6 15.
Nxb6 Qxb6 16. Qxb6 axb6 17. Bxd5 cxd5 18. Ne5 Rfc8 19. Nd7 Bxd4 20. Rad1 Rd8
21. Rxd4 Rxd7 22. Rfd1 Rxa2 23. g4 Nf6 24. g5 Nh5 25. Be5 f6 26. gxf6 exf6 27.
Bb8 Ra8 28. Bg3 Nxg3 29. hxg3 Rad8 30. Rb4 Rd6 31. Rdd4 Kf7 32. Kg2 Rc8 33. Rb5
Rc5 34. Rb3 Rc4 35. Rd2 f5 36. Rbd3 d4 37. b3 Rb4 38. f4 Rd5 39. Kf2 h6 40. Kg2
g5 41. fxg5 hxg5 42. Kf2 g4 43. Kg2 Rdb5 44. Rb2 Rc5 45. Kf2 Ke6 46. Ke2 Kd5
47. Rb1 Rc2+ 48. Kf1 Ke4 49. Rbd1 Rb2 0-1

[Event "MCR mladeze 2014, H12"]
[Site "Kouty nad Desnou"]
[Date "2014.03.12"]
[Round "6"]
[White "Ludvik, Tomas"]
[Black "Halamicek, Radek"]
[Result "1-0"]
[WhiteElo "1548"]
[BlackElo "1491"]
[PlyCount "97"]
[EventDate "2014.??.??"]

1. d4 c5 2. d5 e5 3. c4 d6 4. e4 g6 5. Nc3 Bg7 6. Be3 Ne7 7. h4 O-O 8. h5 a6 9.
hxg6 fxg6 10. Be2 Nd7 11. Nf3 Nf6 12. Ng5 h6 13. Ne6 Bxe6 14. dxe6 g5 15. Bh5
Nxh5 16. Qxh5 Qe8 17. O-O-O Rd8 18. f3 Nc6 19. Qh3 Rf6 20. Nd5 Rg6 21. Nc7 Qe7
22. Qf5 Rf6 23. Nd5 Qxe6 24. Nxf6+ Qxf6 25. Qxf6 Bxf6 26. Rxh6 Be7 27. Rdh1 Kf7
28. Rh7+ Ke8 29. Rh8+ Kd7 30. Rxd8+ Kxd8 31. Rh8+ Kd7 32. Rg8 Nd4 33. Bxg5
Bxg5+ 34. Rxg5 b5 35. b3 b4 36. Kd2 Ke6 37. Rg7 a5 38. Ra7 Kf6 39. Ra6 Kg5 40.
Rxd6 Kf4 41. Rd5 Kg3 42. Rxe5 Kxg2 43. Rxc5 Kxf3 44. e5 Kf4 45. Rxa5 Kf5 46.
Kd3 Nc6 47. Rc5 Nxe5+ 48. Rxe5+ Kxe5 49. Ke3 1-0

[Event "MCR mladeze 2014, H12"]
[Site "Kouty nad Desnou"]
[Date "2014.03.12"]
[Round "6"]
[White "Nemec, David"]
[Black "Kopec, Ladislav"]
[Result "1-0"]
[WhiteElo "1570"]
[BlackElo "1456"]
[PlyCount "65"]
[EventDate "2014.??.??"]

1. e4 c5 2. c3 d6 3. d4 Nf6 4. Bd3 g6 5. Nf3 Bg7 6. h3 a6 7. Be3 b6 8. O-O Bb7
9. e5 dxe5 10. dxe5 Nfd7 11. e6 fxe6 12. Ng5 Qc8 13. Nxe6 Qc6 14. Nxg7+ Kf8 15.
f3 Kxg7 16. Qd2 Rd8 17. Bh6+ Kh8 18. Qe3 e5 19. Be4 Qc7 20. Bxb7 Qxb7 21. f4
Nc6 22. Nd2 Re8 23. Qf3 Rad8 24. Nc4 Qc7 25. Rad1 Re6 26. Rd2 b5 27. Nxe5 Ncxe5
28. fxe5 Ree8 29. e6 Nb6 30. Qf6+ Kg8 31. Rxd8 Rxd8 32. Qf8+ Rxf8 33. Rxf8# 1-0

[Event "MCR mladeze 2014, H12"]
[Site "Kouty nad Desnou"]
[Date "2014.03.12"]
[Round "6"]
[White "Klubal, Jiri"]
[Black "Demko, Robert"]
[Result "0-1"]
[WhiteElo "1561"]
[BlackElo "1576"]
[PlyCount "72"]
[EventDate "2014.??.??"]

1. e4 c5 2. Nf3 d6 3. d4 cxd4 4. Nxd4 Nf6 5. Nc3 a6 6. Be3 e5 7. Nde2 Be7 8.
Ng3 O-O 9. Be2 Be6 10. f4 b5 11. a3 Bc8 12. O-O Bb7 13. Bd3 Nbd7 14. Nf5 Re8
15. Kh1 Rc8 16. Qf3 Bf8 17. Qg3 g6 18. fxe5 Nxe5 19. Bg5 Nh5 20. Qh4 f6 21. Be3
Re6 22. Nd4 Re8 23. Rf2 f5 24. exf5 Qxh4 25. fxg6 Nxg6 26. Nf5 Qxf2 27. Bxf2
Nhf4 28. Ne3 Nxd3 29. cxd3 Bg7 30. Nf5 Re6 31. Nxg7 Kxg7 32. Bd4+ Kg8 33. h3
Nf4 34. Rd1 Nxg2 35. Rg1 Rg6 36. Re1 Nxe1+ 0-1

[Event "MCR mladeze 2014, H12"]
[Site "Kouty nad Desnou"]
[Date "2014.03.12"]
[Round "6"]
[White "Havelka, Frantisek"]
[Black "Fojt, Petr"]
[Result "0-1"]
[WhiteElo "1476"]
[BlackElo "1373"]
[PlyCount "114"]
[EventDate "2014.??.??"]

1. d4 Nf6 2. e3 g6 3. Bd3 Bg7 4. f4 d5 5. Nf3 Bg4 6. Nbd2 c5 7. c3 Nc6 8. O-O
O-O 9. Qe1 Re8 10. Qh4 Bxf3 11. Rxf3 e6 12. Rh3 Nh5 13. Qf2 c4 14. Bc2 b5 15.
a3 a5 16. g4 Nf6 17. Qh4 h5 18. gxh5 Nxh5 19. Qf2 b4 20. e4 Bh6 21. Nf1 Qd7 22.
f5 Bxc1 23. Rxc1 exf5 24. exf5 Ng7 25. Qh4 Kf8 26. Qh8+ Ke7 27. Qxg7 Rg8 28.
Re1+ Kd6 29. Qf6+ Kc7 30. Ba4 gxf5+ 31. Kh1 Rg6 32. Qh4 Rag8 33. Rg3 Rg4 34.
Rxg4 Rxg4 35. Qf6 Rg6 36. Qe5+ Nxe5 37. Bxd7 Nxd7 38. Re5 Nxe5 39. dxe5 Re6 40.
h4 Rxe5 41. Kg2 f4 42. Kf3 bxc3 43. bxc3 Rh5 44. Kg4 Rh8 45. h5 Kd7 46. Nd2 Ke6
47. Nf3 f6 48. a4 Rg8+ 49. Kh4 Kf5 50. Nd4+ Ke4 51. h6 f3 52. Kh5 f2 53. h7 Rh8
54. Kh6 Rxh7+ 55. Kxh7 f1=Q 56. Kh6 Qg2 57. Kh5 Qg5# 0-1

[Event "MCR mladeze 2014, H12"]
[Site "Kouty nad Desnou"]
[Date "2014.03.12"]
[Round "6"]
[White "Broz, Petr"]
[Black "Riha, Vojtech"]
[Result "0-1"]
[WhiteElo "1491"]
[BlackElo "1526"]
[PlyCount "72"]
[EventDate "2014.??.??"]

1. e4 e5 2. Nf3 Nc6 3. Bc4 Nf6 4. d4 exd4 5. e5 d5 6. Bb5 Ne4 7. Nxd4 Bd7 8.
Bxc6 bxc6 9. O-O Bc5 10. Be3 O-O 11. f3 Ng5 12. Kh1 Bb6 13. Qd2 Ne6 14. Nxe6
Bxe6 15. Bxb6 cxb6 16. Nc3 f6 17. Rfe1 d4 18. exf6 dxc3 19. Qxd8 Raxd8 20. Rxe6
cxb2 21. Rb1 Rxf6 22. Rxf6 gxf6 23. Kg1 Rd2 24. Rxb2 Kf7 25. h3 Ke6 26. Kh2 Kd6
27. Kg3 Kc5 28. h4 Kc4 29. a3 Kc3 30. Rb4 c5 31. Rf4 Rd6 32. Re4 Kxc2 33. f4 f5
34. Re5 Rf6 35. Kf3 c4 36. Re2+ Kb3 0-1

[Event "MCR mladeze 2014, H12"]
[Site "Kouty nad Desnou"]
[Date "2014.03.12"]
[Round "6"]
[White "Ocko, Dominik"]
[Black "Zak, Daniel"]
[Result "1-0"]
[WhiteElo "1490"]
[BlackElo "1403"]
[PlyCount "97"]
[EventDate "2014.??.??"]

1. e4 c6 2. d4 d5 3. Nc3 dxe4 4. Nxe4 Bf5 5. Ng3 Bg6 6. f4 e6 7. Nf3 Nd7 8. Bd3
Bxd3 9. Qxd3 Ngf6 10. c4 Bb4+ 11. Bd2 Bxd2+ 12. Qxd2 Qe7 13. O-O O-O 14. Qe2
Rfe8 15. Ne5 h6 16. Rae1 Nxe5 17. fxe5 Nd7 18. Qg4 f5 19. exf6 Nxf6 20. Qg6 Qf7
21. Qxf7+ Kxf7 22. Ne4 Red8 23. Rd1 Kg6 24. Nc5 Re8 25. Rfe1 Kf7 26. Nxb7 Ke7
27. d5 cxd5 28. cxd5 Kf8 29. dxe6 Re7 30. Nc5 Rc8 31. Nd7+ Nxd7 32. Rxd7 Rxd7
33. exd7 Rd8 34. Re8+ Rxe8 35. dxe8=Q+ Kxe8 36. Kf2 Kd7 37. Ke3 Kc6 38. Kd4 Kd6
39. b4 a6 40. a4 g5 41. g4 Kc6 42. Ke5 Kb6 43. Kd6 Kb7 44. Kc5 a5 45. b5 Kc7
46. b6+ Kb8 47. Kc6 Kc8 48. b7+ Kb8 49. h3 1-0

[Event "MCR mladeze 2014, H12"]
[Site "Kouty nad Desnou"]
[Date "2014.03.13"]
[Round "7"]
[White "Svanda, Ondrej"]
[Black "Sykora, Marek"]
[Result "0-1"]
[WhiteElo "1756"]
[BlackElo "1674"]
[PlyCount "56"]
[EventDate "2014.??.??"]

1. c4 e5 2. g3 Nf6 3. Bg2 Nc6 4. Nc3 d6 5. e3 Be7 6. Nge2 O-O 7. O-O Be6 8. b3
Qd7 9. d4 exd4 10. exd4 Bh3 11. Nf4 Bxg2 12. Kxg2 Rfe8 13. Bb2 Rad8 14. Re1 Bf8
15. Qd2 Ne7 16. Ne4 Nxe4 17. Rxe4 d5 18. Re5 c6 19. c5 g6 20. Rae1 Bg7 21. R5e2
Nf5 22. Nh3 Rxe2 23. Rxe2 Re8 24. Rxe8+ Qxe8 25. Ng1 Qe4+ 26. f3 Qb1 27. g4 Bh6
28. f4 Qe4+ 0-1

[Event "MCR mladeze 2014, H12"]
[Site "Kouty nad Desnou"]
[Date "2014.03.13"]
[Round "7"]
[White "Nehyba, Martin"]
[Black "Petr, Jakub"]
[Result "0-1"]
[WhiteElo "1629"]
[BlackElo "1605"]
[PlyCount "62"]
[EventDate "2014.??.??"]

1. e4 e5 2. Nf3 Nc6 3. Bc4 Nf6 4. Nc3 Nxe4 5. Bxf7+ Kxf7 6. Nxe4 d5 7. Nfg5+
Ke8 8. Qh5+ g6 9. Qf3 Bf5 10. d3 dxe4 11. dxe4 Nd4 12. Qg3 Nxc2+ 13. Ke2 Qd4
14. Rd1 Qc4+ 15. Rd3 Bd6 16. b3 Nd4+ 17. Kf1 Qa6 18. Bb2 Nc2 19. Kg1 Nxa1 20.
Bxe5 Qa5 21. f4 Qc5+ 22. Kf1 Bxe5 23. exf5 Qc1+ 24. Ke2 Bxf4 25. Qf3 Bxg5 26.
Qe4+ Be7 27. fxg6 Qc2+ 28. Ke3 Qc5+ 29. Ke2 Qh5+ 30. Kd2 Qxg6 31. Qe5 Qg5+ 0-1

[Event "MCR mladeze 2014, H12"]
[Site "Kouty nad Desnou"]
[Date "2014.03.13"]
[Round "7"]
[White "Haase, Pavel"]
[Black "Vraj, Ondrej"]
[Result "1-0"]
[WhiteElo "1700"]
[BlackElo "1509"]
[PlyCount "88"]
[EventDate "2014.??.??"]

1. Nf3 d5 2. c4 e6 3. d4 Nf6 4. Nc3 Be7 5. Bg5 Nbd7 6. e3 O-O 7. Rc1 b6 8. Bd3
Bb7 9. O-O Rc8 10. cxd5 exd5 11. Qe2 Re8 12. Bf5 c6 13. Ne5 Rc7 14. Nxd7 Nxd7
15. Bf4 Rc8 16. Qg4 Nf6 17. Qg3 Nd7 18. Qh3 Nf8 19. Bxc8 Bxc8 20. Qg3 Bf5 21.
Be5 Ng6 22. Qf3 Qd7 23. h3 Bd3 24. Rfd1 Bc4 25. b3 Ba6 26. Bg3 Bf6 27. Qg4 Qe7
28. Rd2 Qa3 29. Qd1 Be7 30. Nb1 Qa5 31. Rxc6 Bb5 32. Rc7 Bd8 33. Rc1 Be7 34. a4
Bb4 35. Rdc2 Bd7 36. Rc7 Bf5 37. Qf3 Be6 38. Qe2 Bf5 39. Qb5 Qxb5 40. axb5 Ba5
41. Rxa7 Ne7 42. Nc3 Be6 43. Na4 h6 44. Rb7 Nc8 1-0

[Event "MCR mladeze 2014, H12"]
[Site "Kouty nad Desnou"]
[Date "2014.03.13"]
[Round "7"]
[White "Vorisek, Jakub"]
[Black "Nemec, David"]
[Result "1-0"]
[WhiteElo "1619"]
[BlackElo "1570"]
[PlyCount "41"]
[EventDate "2014.??.??"]

1. e4 c5 2. d4 cxd4 3. c3 d3 4. c4 Nc6 5. Bxd3 d6 6. Nc3 Nf6 7. h3 e6 8. Nf3
Be7 9. O-O O-O 10. Qe2 a6 11. Rd1 Qc7 12. Bf4 Rd8 13. Rac1 Qa5 14. Bb1 d5 15.
exd5 exd5 16. cxd5 Nxd5 17. Nxd5 Rxd5 18. Bxh7+ Kh8 19. Rxd5 Qxd5 20. Be4 Qe6
21. Nd4 1-0

[Event "MCR mladeze 2014, H12"]
[Site "Kouty nad Desnou"]
[Date "2014.03.13"]
[Round "7"]
[White "Mladek, Richard"]
[Black "Ludvik, Tomas"]
[Result "0-1"]
[WhiteElo "1685"]
[BlackElo "1548"]
[PlyCount "34"]
[EventDate "2014.??.??"]

1. e4 e5 2. f4 exf4 3. Nf3 g5 4. h4 g4 5. Ne5 Nf6 6. Bc4 d5 7. exd5 Bd6 8. d4
Nh5 9. Kf2 Rg8 10. Nc3 Ng3 11. Re1 Qxh4 12. Ng6+ Ne4+ 13. Ke2 Qf2+ 14. Kd3 Qg3+
15. Ke2 Qxg2+ 16. Kd3 Qg3+ 17. Ke2 Qf3# 0-1

[Event "MCR mladeze 2014, H12"]
[Site "Kouty nad Desnou"]
[Date "2014.03.13"]
[Round "7"]
[White "Demko, Robert"]
[Black "Dolansky, Lukas"]
[Result "0-1"]
[WhiteElo "1576"]
[BlackElo "1590"]
[PlyCount "68"]
[EventDate "2014.??.??"]

1. d4 d5 2. c4 e6 3. Nc3 Nf6 4. cxd5 exd5 5. Bg5 Be7 6. e3 O-O 7. Bd3 c6 8.
Nge2 Nbd7 9. O-O Re8 10. Qc2 Nf8 11. f3 Ng6 12. e4 dxe4 13. fxe4 Bg4 14. e5 Nd5
15. Bxe7 Rxe7 16. Qd2 c5 17. Bxg6 hxg6 18. dxc5 Nxc3 19. Qxd8+ Rxd8 20. Nxc3
Rxe5 21. b4 Rd4 22. a3 a5 23. Rfb1 Rc4 24. Nb5 axb4 25. axb4 Re2 26. Nd6 Rcc2
27. Ra8+ Kh7 28. Nxf7 g5 29. Nd6 Rxg2+ 30. Kf1 Rxh2 31. Kg1 Rcg2+ 32. Kf1 Bh3
33. Rh8+ Kxh8 34. Nf7+ Kh7 0-1

[Event "MCR mladeze 2014, H12"]
[Site "Kouty nad Desnou"]
[Date "2014.03.13"]
[Round "7"]
[White "Fojt, Petr"]
[Black "Ocko, Dominik"]
[Result "1/2-1/2"]
[WhiteElo "1373"]
[BlackElo "1490"]
[PlyCount "80"]
[EventDate "2014.??.??"]

1. d4 d5 2. c4 Bf5 3. Nc3 e6 4. Nf3 c6 5. e3 Nf6 6. Bd3 Bg6 7. Qc2 Nbd7 8. O-O
Bd6 9. e4 Bc7 10. Bg5 dxe4 11. Nxe4 O-O 12. Rac1 Qb8 13. g3 Nxe4 14. Bxe4 Bxe4
15. Qxe4 h6 16. Be3 Nf6 17. Qc2 Qd8 18. Rfd1 Qe7 19. d5 cxd5 20. cxd5 Rac8 21.
Bc5 Bd6 22. Bxd6 Qxd6 23. Qb3 Rxc1 24. Rxc1 Qxd5 25. Rc7 Qxb3 26. axb3 Rd8 27.
Rxb7 Rd7 28. Rb4 Nd5 29. Rd4 Rb7 30. Rd3 Rc7 31. Nd4 a6 32. Kg2 Rc5 33. f4 Kh7
34. Kf3 Kg6 35. h3 Kf6 36. g4 g6 37. Ke4 Rc1 38. Rf3 Re1+ 39. Kd3 Rd1+ 40. Kc4
Rd2 1/2-1/2

[Event "MCR mladeze 2014, H12"]
[Site "Kouty nad Desnou"]
[Date "2014.03.13"]
[Round "7"]
[White "Riha, Vojtech"]
[Black "Klubal, Jiri"]
[Result "1/2-1/2"]
[WhiteElo "1526"]
[BlackElo "1561"]
[PlyCount "49"]
[EventDate "2014.??.??"]

1. e4 e5 2. Nf3 Nc6 3. d4 exd4 4. Nxd4 Nf6 5. Nxc6 bxc6 6. e5 Qe7 7. Qe2 Nd5 8.
c4 Ba6 9. Qe4 Nb6 10. Nc3 g6 11. Be3 Bb7 12. f4 Bg7 13. Bd3 O-O-O 14. c5 Nd5
15. Nxd5 cxd5 16. Qa4 Qe6 17. Qxa7 Qc6 18. b4 d4 19. Bf2 Rde8 20. b5 Qxg2 21.
Rg1 Qf3 22. Rg3 Qh1+ 23. Rg1 Qf3 24. Rg3 Qh1+ 25. Rg1 1/2-1/2